10 Largest Cities in Delaware - Statistics

General Stats
  • This quiz has been taken 19 times
  • The average score is 4 of 10
Answer Stats
Population City % Correct
38,940 Dover
94%
70,926 Wilmington
94%
31,393 Newark
69%
23,001 Middletown
50%
21,625 Bear
31%
12,619 Smyrna
31%
15,342 Glasgow
19%
13,464 Hockessin
6%
14,202 Brookside
0%
11,718 Pike Creek Valley
0%
No matching quizzes found
Score Distribution
Percent of People with Each Score
Percentile by Number Answered
Your Score History
You have not taken this quiz